Intercropping of medicinal plants in mature rubber plantations (Record no. 52893)

MARC details
000 -LEADER
fixed length control field 00523nam a2200157Ia 4500
100 ## - MAIN ENTRY--AUTHOR NAME
Personal name Sathik M.B.M.
245 #0 - TITLE STATEMENT
Title Intercropping of medicinal plants in mature rubber plantations
260 ## - PUBLICATION, DISTRIBUTION, ETC. (IMPRINT)
Name of publisher International Conference on Medicinal and Aromatic Plants, 30 December 1994-1 January 1995, Calcutta, India
Year of publication 1995
650 ## - SUBJECT ADDED ENTRY--TOPICAL TERM
Topical Term Intercropping
650 ## - SUBJECT ADDED ENTRY--TOPICAL TERM
Topical Term Medicinal plant
700 ## - ADDED ENTRY--PERSONAL NAME
Personal name Panikkar P.K.S.
700 ## - ADDED ENTRY--PERSONAL NAME
Personal name Sethuraj M.R.
700 ## - ADDED ENTRY--PERSONAL NAME
Personal name Vijayakumar K.R.
942 ## - ADDED ENTRY ELEMENTS (KOHA)
Koha item type Bibliography STAF
Holdings
Withdrawn status Lost status Damaged status Not for loan Home library Current library Date acquired Koha item type
      Bibliography RRII Library RRII Library 09/04/2014 Bibliography STAF